[Event "Verbandsliga MVP 2013-14"]
[Site "MVP"]
[Date "2013.12.15"]
[Round "4.6"]
[White "Fidorra, Thomas"]
[Black "Bauer, Norbert"]
[Result "0-1"]
[WhiteElo "1847"]
[BlackElo "1924"]
[PlyCount "96"]
[EventDate "2013.??.??"]
[EventType "team-tourn"]
[EventRounds "9"]
[EventCountry "GER"]
[SourceDate "2013.10.20"]
[WhiteTeam "SG Güstrow/Teterow"]
[BlackTeam "SAV Torgelow-Drögeheide 90"]
[WhiteTeamCountry "GER"]
[BlackTeamCountry "GER"]

1. e4 c5 2. Nf3 Nc6 3. d4 cxd4 4. Nxd4 Qb6 5. Nb3 Nf6 6. Nc3 e6 7. Be3 Qc7 8.
a3 a6 9. Be2 d6 10. f4 b5 11. O-O Be7 12. Qe1 O-O 13. Rd1 b4 14. axb4 Nxb4 15.
Nb5 axb5 16. Qxb4 Ra4 17. Qxb5 Bd7 18. Qd3 Nxe4 19. Nd4 d5 20. b3 Ra2 21. c4
Nc5 22. Qb1 Ra3 23. cxd5 exd5 24. Bf3 Ne4 25. Bxe4 dxe4 26. Qxe4 Bf6 27. Bc1
Ra5 28. Kh1 Re8 29. Qf3 Ra2 30. Be3 Bxd4 31. Bxd4 Bc6 32. Rc1 Bxf3 33. Rxc7
Bxg2+ 34. Kg1 Bxf1 35. Kxf1 h6 36. Be5 f6 37. Bc3 Rxh2 38. b4 Rc2 39. b5 Rb8
40. Rc5 Rd8 41. Ke1 Rd3 42. b6 Rcxc3 43. b7 Rb3 44. Rc8+ Kh7 45. b8=Q Rxb8 46.
Rxb8 Rd4 47. Kf2 Rxf4+ 48. Kg3 g5 0-1

[Event "Verbandsliga MVP 2013-14"]
[Site "MVP"]
[Date "2013.12.15"]
[Round "4.7"]
[White "Ehlers, Michael"]
[Black "Ramp, Oliver"]
[Result "1-0"]
[WhiteElo "1882"]
[BlackElo "1808"]
[PlyCount "47"]
[EventDate "2013.??.??"]
[EventType "team-tourn"]
[EventRounds "9"]
[EventCountry "GER"]
[SourceDate "2013.10.20"]
[WhiteTeam "SAV Torgelow-Drögeheide 90"]
[BlackTeam "SG Güstrow/Teterow"]
[WhiteTeamCountry "GER"]
[BlackTeamCountry "GER"]

1. e4 c5 2. Nf3 Nc6 3. d4 cxd4 4. Nxd4 e5 5. Nb5 a6 6. Nd6+ Bxd6 7. Qxd6 Qf6 8.
Qc7 Nge7 9. Nc3 Qg6 10. Bd2 b5 11. O-O-O O-O 12. h4 Rb8 13. h5 Qf6 14. Be3 d5
15. Nxd5 Nxd5 16. exd5 Bg4 17. Qxc6 Qxc6 18. dxc6 Bxd1 19. Kxd1 Rbc8 20. Bd3
Rxc6 21. g4 Rd8 22. Ke2 e4 23. Bxe4 Rc4 24. f3 1-0

[Event "Verbandsliga MVP 2013-14"]
[Site "MVP"]
[Date "2013.12.15"]
[Round "4.8"]
[White "Dettmann, Uwe"]
[Black "Massloch, Philipp"]
[Result "1-0"]
[WhiteElo "1809"]
[BlackElo "1648"]
[PlyCount "103"]
[EventDate "2013.??.??"]
[EventType "team-tourn"]
[EventRounds "9"]
[EventCountry "GER"]
[SourceDate "2013.10.20"]
[WhiteTeam "SG Güstrow/Teterow"]
[BlackTeam "SAV Torgelow-Drögeheide 90"]
[WhiteTeamCountry "GER"]
[BlackTeamCountry "GER"]

1. d4 Nf6 2. Nf3 g6 3. c4 Bg7 4. Nc3 d5 5. e3 O-O 6. b3 c5 7. Bb2 Nc6 8. Be2
dxc4 9. Bxc4 cxd4 10. Nxd4 Nxd4 11. exd4 e6 12. O-O b6 13. Qd2 Bb7 14. Rad1 Nd5
15. Nxd5 Bxd5 16. Bxd5 Qxd5 17. Qe3 Rfd8 18. Rd3 Rd7 19. Rfd1 Rad8 20. Kf1 e5
21. Rc1 exd4 22. Qd2 Qh5 23. Rh3 Qf5 24. Qd3 Qxd3+ 25. Rxd3 f5 26. Rc4 Rd5 27.
Bc1 Rc5 28. Rxc5 bxc5 29. Rd1 Rd6 30. Ke2 Ra6 31. a3 Rb6 32. Rd3 Rc6 33. Bb2 c4
34. bxc4 Rxc4 35. Kd2 Kf7 36. Rb3 Rc7 37. Kd3 a5 38. Rb5 Ra7 39. a4 Ke6 40. Bc1
Be5 41. h3 Kd6 42. Bd2 h5 43. Bxa5 g5 44. Bb4+ Ke6 45. a5 g4 46. Bc5 Rd7 47. a6
Rd8 48. a7 Ra8 49. Ra5 Bc7 50. Ra6+ Kd5 51. Bxd4 Be5 52. Ra5+ 1-0

[Event "Verbandsliga MVP 2013-14"]
[Site "MVP"]
[Date "2013.12.15"]
[Round "4.1"]
[White "Mehl, Ronald"]
[Black "Engel, Gunnar"]
[Result "1/2-1/2"]
[WhiteElo "2081"]
[BlackElo "2040"]
[PlyCount "84"]
[EventDate "2013.??.??"]
[EventType "team-tourn"]
[EventRounds "9"]
[EventCountry "GER"]
[SourceDate "2013.10.20"]
[WhiteTeam "FHSG Stralsund"]
[BlackTeam "SSC Rostock 07 II"]
[WhiteTeamCountry "GER"]
[BlackTeamCountry "GER"]

1. Nf3 Nf6 2. c4 g6 3. Nc3 Bg7 4. d4 O-O 5. g3 d5 6. Bg2 dxc4 7. Qa4 c6 8. Qxc4
Na6 9. O-O Be6 10. Qa4 Nd5 11. Nxd5 Bxd5 12. Be3 Qb6 13. Ne5 Qb4 14. Qc2 Qd6
15. Nc4 Qe6 16. Bxd5 cxd5 17. Nd2 Rfc8 18. Qb3 Qb6 19. Qxd5 Nb4 20. Qe4 Nc2 21.
Rac1 Qxb2 22. Rb1 Qxa2 23. Rxb7 a5 24. Rfb1 Qe6 25. Rxe7 Qxe4 26. Nxe4 Re8 27.
Rxe8+ Rxe8 28. Nd6 Rd8 29. Nc4 a4 30. Rb2 Nxd4 31. Ra2 Ra8 32. Nb6 Ra6 33. Bxd4
Bxd4 34. Nxa4 Kg7 35. e3 Bf6 36. Nc3 Rxa2 37. Nxa2 Bd8 38. Nc3 h5 39. Kg2 f5
40. Nd5 h4 41. f3 hxg3 42. hxg3 Kf7 1/2-1/2

[Event "Verbandsliga MVP 2013-14"]
[Site "MVP"]
[Date "2013.12.15"]
[Round "4.2"]
[White "Hodl, Ingolf"]
[Black "Hubert, Peter"]
[Result "0-1"]
[WhiteElo "1979"]
[BlackElo "1992"]
[PlyCount "122"]
[EventDate "2013.??.??"]
[EventType "team-tourn"]
[EventRounds "9"]
[EventCountry "GER"]
[SourceDate "2013.10.20"]
[WhiteTeam "SSC Rostock 07 II"]
[BlackTeam "FHSG Stralsund"]
[WhiteTeamCountry "GER"]
[BlackTeamCountry "GER"]

1. e4 c5 2. Nc3 Nc6 3. Nf3 g6 4. Bc4 Bg7 5. O-O Nf6 6. e5 Ng4 7. Bxf7+ Kxf7 8.
Ng5+ Kg8 9. Qxg4 Nxe5 10. Qe2 e6 11. d3 h6 12. Nge4 Qf8 13. Be3 b6 14. Nd2 Bb7
15. f4 Nc6 16. Qg4 Qf5 17. Qf3 d5 18. g4 Qf7 19. Bf2 Rf8 20. Ne2 Bxb2 21. Rab1
Bg7 22. Qg3 Qc7 23. Nf3 d4 24. Nh4 Ne7 25. Nf3 Qc6 26. Be1 e5 27. Bd2 exf4 28.
Bxf4 g5 29. Bd6 Rxf3 30. Rxf3 Qxf3 31. Bxe7 Be5 32. Qxf3 Bxf3 33. Ng3 Bxg4 34.
Ne4 Kf7 35. Bf6 Re8 36. Bxe5 Rxe5 37. Rf1+ Ke7 38. Rf2 Be6 39. a3 Bf5 40. Ng3
Bg6 41. Rf1 c4 42. Rd1 cxd3 43. cxd3 Re3 44. Rc1 Kd7 45. Rf1 Ke6 46. Rc1 Kd5
47. Rc7 Bxd3 48. Rd7+ Kc4 49. Kf2 b5 50. Rc7+ Kb3 51. Rd7 Kc3 52. Rd6 h5 53.
Nxh5 Rh3 54. Nf6 Rxh2+ 55. Kg1 Ra2 56. Ra6 Bc4 57. Ne4+ Kc2 58. Nxg5 d3 59. Nf3
d2 60. Nxd2 Kxd2 61. Ra5 Kc3 0-1

[Event "Verbandsliga MVP 2013-14"]
[Site "MVP"]
[Date "2013.12.15"]
[Round "4.3"]
[White "Kohn, Andreas"]
[Black "Pererva, Viktor"]
[Result "1/2-1/2"]
[WhiteElo "1923"]
[BlackElo "1960"]
[PlyCount "41"]
[EventDate "2013.??.??"]
[EventType "team-tourn"]
[EventRounds "9"]
[EventCountry "GER"]
[SourceDate "2013.10.20"]
[WhiteTeam "FHSG Stralsund"]
[BlackTeam "SSC Rostock 07 II"]
[WhiteTeamCountry "GER"]
[BlackTeamCountry "GER"]

1. e4 e5 2. Nf3 Nc6 3. Bb5 a6 4. Ba4 Nf6 5. O-O b5 6. Bb3 Bc5 7. Nxe5 Nxe5 8.
d4 Bxd4 9. Qxd4 d6 10. f4 c5 11. Qd1 c4 12. fxe5 Qb6+ 13. Kh1 Ng4 14. Qe2 cxb3
15. axb3 Nxe5 16. Be3 Qb7 17. Nc3 O-O 18. h3 Be6 19. Rad1 b4 20. Nd5 Rad8 21.
Qd2 1/2-1/2

[Event "Verbandsliga MVP 2013-14"]
[Site "MVP"]
[Date "2013.12.15"]
[Round "4.4"]
[White "Brack, Peter"]
[Black "Kohn, Thomas"]
[Result "1-0"]
[WhiteElo "1975"]
[BlackElo "1875"]
[PlyCount "92"]
[EventDate "2013.??.??"]
[EventType "team-tourn"]
[EventRounds "9"]
[EventCountry "GER"]
[SourceDate "2013.10.20"]
[WhiteTeam "SSC Rostock 07 II"]
[BlackTeam "FHSG Stralsund"]
[WhiteTeamCountry "GER"]
[BlackTeamCountry "GER"]

1. d4 Nf6 2. Nf3 g6 3. Bf4 Bg7 4. Nbd2 d5 5. e3 O-O 6. Bd3 Nc6 7. c3 Nh5 8. Bg5
Qe8 9. Qb3 e6 10. O-O f6 11. Bh4 Bh6 12. c4 Ne7 13. Rfe1 c6 14. Qc2 Bd7 15. a4
a5 16. Nb3 dxc4 17. Bxc4 Nd5 18. Nc5 b6 19. Nxd7 Qxd7 20. Qb3 Rab8 21. Rad1 g5
22. Bg3 Nxg3 23. hxg3 Rfe8 24. e4 Nb4 25. Nh2 Bg7 26. Ng4 Kh8 27. Ne3 f5 28. d5
exd5 29. exd5 Nxd5 30. Bxd5 cxd5 31. Rxd5 Qe6 32. Red1 f4 33. Nf5 Be5 34. g4
Qf6 35. Nd6 Re6 36. Ne4 Qg6 37. f3 h5 38. Qb5 Rbe8 39. gxh5 Qxh5 40. Rd8 Qg6
41. Rxe8+ Rxe8 42. Rd5 Bg7 43. Rxg5 Qe6 44. Rh5+ Kg8 45. Rd5 Rc8 46. Rd1 Qc6
1-0

[Event "Verbandsliga MVP 2013-14"]
[Site "MVP"]
[Date "2013.12.15"]
[Round "4.5"]
[White "Manke, Karsten"]
[Black "Mangold, Thomas"]
[Result "0-1"]
[WhiteElo "1751"]
[BlackElo "1896"]
[PlyCount "68"]
[EventDate "2013.??.??"]
[EventType "team-tourn"]
[EventRounds "9"]
[EventCountry "GER"]
[SourceDate "2013.10.20"]
[WhiteTeam "FHSG Stralsund"]
[BlackTeam "SSC Rostock 07 II"]
[WhiteTeamCountry "GER"]
[BlackTeamCountry "GER"]

1. e4 e5 2. Nf3 d6 3. d4 exd4 4. Nxd4 Nf6 5. Nc3 Be7 6. Be2 O-O 7. Be3 Re8 8.
g4 Bf8 9. f3 d5 10. e5 Rxe5 11. Qd2 c5 12. Bf4 cxd4 13. Bxe5 dxc3 14. Bxc3 Nc6
15. O-O-O Be6 16. g5 d4 17. gxf6 dxc3 18. Qxc3 Qxf6 19. Qxf6 gxf6 20. Kb1 Bc5
21. c3 Re8 22. Bb5 a6 23. Bxc6 bxc6 24. Rhe1 Bf2 25. Rf1 Be3 26. Rd6 Bf5+ 27.
Ka1 Re6 28. Rxe6 fxe6 29. b3 Bh3 30. Rd1 Bf4 31. Rd8+ Kf7 32. Rc8 Bg2 33. Rxc6
Bxf3 34. Rxa6 e5 0-1

[Event "Verbandsliga MVP 2013-14"]
[Site "MVP"]
[Date "2013.12.15"]
[Round "4.6"]
[White "Celmer, Ole"]
[Black "Giese, Lothar"]
[Result "1-0"]
[WhiteElo "1915"]
[BlackElo "1782"]
[PlyCount "106"]
[EventDate "2013.??.??"]
[EventType "team-tourn"]
[EventRounds "9"]
[EventCountry "GER"]
[SourceDate "2013.10.20"]
[WhiteTeam "SSC Rostock 07 II"]
[BlackTeam "FHSG Stralsund"]
[WhiteTeamCountry "GER"]
[BlackTeamCountry "GER"]

1. e4 c5 2. c3 Nc6 3. d4 cxd4 4. cxd4 d6 5. Nf3 e6 6. Nc3 a6 7. Bd3 Be7 8. O-O
Nf6 9. a3 O-O 10. Qc2 e5 11. d5 Nb8 12. a4 Bg4 13. Nd2 Nbd7 14. Nc4 Nc5 15. Be3
Nxd3 16. Qxd3 Nd7 17. f4 f6 18. a5 Rc8 19. Na4 Qe8 20. Ncb6 Nxb6 21. Nxb6 Rc7
22. Rac1 Bd8 23. f5 Rxc1 24. Rxc1 Bxb6 25. Bxb6 Qa4 26. b3 Qa2 27. h3 Be2 28.
Qg3 Bh5 29. Qe3 h6 30. Rc7 Rf7 31. Rc8+ Rf8 32. Rc7 Rf7 33. Rc1 Rd7 34. Qc3 Be8
35. Qb4 Qe2 36. Rc8 Qh5 37. Rc7 Qf7 38. Rc3 Kh7 39. Rg3 Qf8 40. Qd2 g6 41. Qf2
g5 42. h4 Rg7 43. hxg5 Rxg5 44. Rc3 Rg7 45. Be3 Qf7 46. Bxh6 Rg4 47. Rh3 Kg8
48. Qf3 Rg7 49. Bxg7 Kxg7 50. Qg4+ Kf8 51. Rh8+ Ke7 52. Qh4 Kd8 53. Rh7 Qf8 1-0

[Event "Verbandsliga MVP 2013-14"]
[Site "MVP"]
[Date "2013.12.15"]
[Round "4.7"]
[White "Klepin, Wilfried"]
[Black "Schumann, Rabea"]
[Result "1-0"]
[WhiteElo "1822"]
[BlackElo "1687"]
[PlyCount "99"]
[EventDate "2013.??.??"]
[EventType "team-tourn"]
[EventRounds "9"]
[EventCountry "GER"]
[SourceDate "2013.10.20"]
[WhiteTeam "FHSG Stralsund"]
[BlackTeam "SSC Rostock 07 II"]
[WhiteTeamCountry "GER"]
[BlackTeamCountry "GER"]

1. f4 c5 2. e3 Nf6 3. Nf3 Nc6 4. d4 cxd4 5. exd4 e6 6. c3 Be7 7. Bd3 O-O 8. O-O
d6 9. Qe1 h6 10. Nbd2 Nb8 11. Nc4 Nbd7 12. h3 Nb6 13. g4 Nxc4 14. Bxc4 Bd7 15.
Bd3 Bc6 16. g5 Nh7 17. g6 Nf6 18. gxf7+ Kxf7 19. Nh4 Qd7 20. f5 Bd8 21. Qg3 Rg8
22. Qg6+ Kf8 23. fxe6 Qxe6 24. Bf4 Qxh3 25. Nf5 Be7 26. Nxe7 Kxe7 27. Rae1+ Kd8
28. Qg3 Qxg3+ 29. Bxg3 Kc7 30. c4 Rae8 31. c5 Kd7 32. Bf5+ Kd8 33. Be6 Rgf8 34.
Bxd6 Rh8 35. Bf7 Re4 36. Rxe4 Nxe4 37. Be5 Kd7 38. d5 Bb5 39. Be6+ Kd8 40. Rf7
Ng5 41. Rxb7 Re8 42. Rxb5 Nf3+ 43. Kf2 Nxe5 44. Rb8+ Ke7 45. Rb7+ Kf6 46. Ke3
Rd8 47. b4 Nc4+ 48. Kd4 Ne5 49. b5 g5 50. c6 1-0

[Event "Verbandsliga MVP 2013-14"]
[Site "MVP"]
[Date "2013.12.15"]
[Round "4.8"]
[White "Fiss, Daniel"]
[Black "Glawe, Hartmut"]
[Result "0-1"]
[WhiteElo "1690"]
[BlackElo "1825"]
[PlyCount "70"]
[EventDate "2013.??.??"]
[EventType "team-tourn"]
[EventRounds "9"]
[EventCountry "GER"]
[SourceDate "2013.10.20"]
[WhiteTeam "SSC Rostock 07 II"]
[BlackTeam "FHSG Stralsund"]
[WhiteTeamCountry "GER"]
[BlackTeamCountry "GER"]

1. d4 Nf6 2. c4 e6 3. Nf3 d5 4. Bf4 Bb4+ 5. Nc3 O-O 6. e3 Ne4 7. Qc2 Nd7 8. Bd3
f5 9. cxd5 exd5 10. O-O c6 11. Ne5 Nxe5 12. Bxe5 Be7 13. f3 Nd6 14. e4 fxe4 15.
fxe4 dxe4 16. Nxe4 Nf5 17. Ng3 Nxd4 18. Bxh7+ Kh8 19. Rxf8+ Bxf8 20. Re1 c5 21.
Qe4 Qg5 22. Rf1 Bd7 23. Bxd4 cxd4 24. Qxb7 Rd8 25. Bf5 Bxf5 26. Rxf5 Qe3+ 27.
Kh1 Qe6 28. Qf3 Kg8 29. Ne4 d3 30. g3 Bb4 31. Nf6+ gxf6 32. Qg4+ Kf8 33. Qxb4+
Kf7 34. Rf2 Qd5+ 35. Kg1 d2 0-1

[Event "Verbandsliga MVP 2013-14"]
[Site "MVP"]
[Date "2013.12.15"]
[Round "4.4"]
[White "Boehme, Andy"]
[Black "Wolf, Christoph"]
[Result "1/2-1/2"]
[WhiteElo "1995"]
[BlackElo "2103"]
[PlyCount "39"]
[EventDate "2013.??.??"]
[EventType "team-tourn"]
[EventRounds "9"]
[EventCountry "GER"]
[SourceDate "2013.10.20"]
[WhiteTeam "SV Blau-Weiß Grevesmühlen"]
[BlackTeam "SF Schwerin II"]
[WhiteTeamCountry "GER"]
[BlackTeamCountry "GER"]

1. Nf3 c5 2. e3 g6 3. c4 Bg7 4. Nc3 Nf6 5. a3 d5 6. cxd5 Nxd5 7. Qb3 Nc7 8. Bc4
O-O 9. Ng5 e6 10. h4 Nc6 11. Qa2 Ne5 12. f4 Nxc4 13. Qxc4 e5 14. fxe5 Bxe5 15.
O-O Ne6 16. Nce4 b6 17. a4 h6 18. Nf3 Bg7 19. Ra3 a5 20. Nc3 1/2-1/2

[Event "Verbandsliga MVP 2013-14"]
[Site "MVP"]
[Date "2013.12.15"]
[Round "4.5"]
[White "Weyrich, Morten"]
[Black "Kross, Gunnar"]
[Result "1/2-1/2"]
[WhiteElo "2212"]
[BlackElo "1972"]
[PlyCount "56"]
[EventDate "2013.??.??"]
[EventType "team-tourn"]
[EventRounds "9"]
[EventCountry "GER"]
[SourceDate "2013.10.20"]
[WhiteTeam "SF Schwerin II"]
[BlackTeam "SV Blau-Weiß Grevesmühlen"]
[WhiteTeamCountry "GER"]
[BlackTeamCountry "GER"]

1. g3 Nf6 2. Bg2 d5 3. Nf3 e6 4. O-O Be7 5. c4 O-O 6. b3 b6 7. Bb2 Bb7 8. Qc2
Nbd7 9. cxd5 exd5 10. d3 c5 11. Nbd2 Rc8 12. Rac1 Re8 13. Rfe1 Nf8 14. Qb1 Bd6
15. Qa1 Bb8 16. Nh4 Ng6 17. Nxg6 hxg6 18. Bh3 Rc7 19. a3 Rce7 20. Bxf6 gxf6 21.
Qxf6 Be5 22. Qh4 Bb2 23. Rc2 Bxa3 24. Nf3 Bb4 25. Ra1 Bc8 26. Bg2 Kg7 27. Nd4
Qd7 28. e3 a5 1/2-1/2

[Event "Verbandsliga MVP 2013-14"]
[Site "MVP"]
[Date "2013.12.15"]
[Round "4.6"]
[White "Naujok, Joerg"]
[Black "Wandel, Bernd"]
[Result "1/2-1/2"]
[WhiteElo "1931"]
[BlackElo "2073"]
[PlyCount "33"]
[EventDate "2013.??.??"]
[EventType "team-tourn"]
[EventRounds "9"]
[EventCountry "GER"]
[SourceDate "2013.10.20"]
[WhiteTeam "SV Blau-Weiß Grevesmühlen"]
[BlackTeam "SF Schwerin II"]
[WhiteTeamCountry "GER"]
[BlackTeamCountry "GER"]

1. Nf3 Nf6 2. g3 g6 3. b3 Bg7 4. Bb2 O-O 5. Bg2 d5 6. O-O c6 7. d3 Re8 8. Nbd2
Nbd7 9. c4 e6 10. Qc2 h6 11. e4 Nf8 12. e5 N6d7 13. d4 f6 14. exf6 Qxf6 15. Ne5
Nxe5 16. dxe5 Qf5 17. Qxf5 1/2-1/2

[Event "Verbandsliga MVP 2013-14"]
[Site "MVP"]
[Date "2013.12.15"]
[Round "4.8"]
[White "Barth, Richard"]
[Black "Kunze, Kerstin"]
[Result "0-1"]
[WhiteElo "1428"]
[BlackElo "2045"]
[PlyCount "94"]
[EventDate "2013.??.??"]
[EventType "team-tourn"]
[EventRounds "9"]
[EventCountry "GER"]
[SourceDate "2013.10.20"]
[WhiteTeam "SV Blau-Weiß Grevesmühlen"]
[BlackTeam "SF Schwerin II"]
[WhiteTeamCountry "GER"]
[BlackTeamCountry "GER"]

1. Nf3 d5 2. c4 e6 3. b3 Nf6 4. g3 Be7 5. Bg2 O-O 6. O-O Nc6 7. Bb2 d4 8. d3 e5
9. Nbd2 h6 10. Ne1 Be6 11. Ne4 Nh7 12. a3 a5 13. Nc2 Qd7 14. Ne1 Bh3 15. Bc1
Bxg2 16. Nxg2 f5 17. Nd2 Ng5 18. Nf3 Nh3+ 19. Kh1 e4 20. Ng1 Nxg1 21. Kxg1 Ne5
22. f4 Ng4 23. h3 Nf6 24. e3 dxe3 25. d4 e2 26. Qxe2 Qxd4+ 27. Be3 Qd7 28. Rfd1
Qe6 29. Qb2 Rad8 30. Qe5 Qxe5 31. fxe5 Nh5 32. Kh2 g5 33. e6 Ng7 34. Rd7 Rxd7
35. exd7 Rd8 36. Rd1 Kf7 37. a4 Ke6 38. Rd5 Rxd7 39. Rxd7 Kxd7 40. Bd4 Ne6 41.
Bc3 f4 42. gxf4 gxf4 43. Be5 Bd6 44. Bxd6 Kxd6 45. h4 Kc5 46. Ne1 Kb4 47. Kh3
h5 0-1

[Event "Verbandsliga MVP 2013-14"]
[Site "MVP"]
[Date "2013.12.15"]
[Round "4.1"]
[White "Schwetlick, Thomas"]
[Black "Hornych, Christoph"]
[Result "1/2-1/2"]
[WhiteElo "1846"]
[BlackElo "2061"]
[PlyCount "55"]
[EventDate "2013.??.??"]
[EventType "team-tourn"]
[EventRounds "9"]
[EventCountry "GER"]
[SourceDate "2013.10.20"]
[WhiteTeam "HSG Uni Rostock"]
[BlackTeam "SF Ostsee Warnemünde"]
[WhiteTeamCountry "GER"]
[BlackTeamCountry "GER"]

1. e4 c6 2. d4 d5 3. Nc3 dxe4 4. Nxe4 Bf5 5. Ng3 g6 6. Nxf5 gxf5 7. Nf3 e6 8.
Bf4 Nd7 9. Bd3 Bg7 10. Qe2 Ne7 11. c4 Qa5+ 12. Bd2 Qc7 13. Bc3 Qf4 14. Qe3 Qg4
15. Be2 Qg6 16. Nh4 Qf6 17. g3 Ng6 18. d5 e5 19. Nxg6 hxg6 20. f4 O-O 21. fxe5
Nxe5 22. Qxe5 Qxe5 23. Bxe5 Bxe5 24. dxc6 Bxb2 25. cxb7 Rab8 26. Rd1 Bc3+ 27.
Kf2 Rxb7 28. Rd3 1/2-1/2

[Event "Verbandsliga MVP 2013-14"]
[Site "MVP"]
[Date "2013.12.15"]
[Round "4.2"]
[White "Schumacher, Dirk"]
[Black "Moeller, Peter"]
[Result "1-0"]
[WhiteElo "2000"]
[BlackElo "1965"]
[PlyCount "77"]
[EventDate "2013.??.??"]
[EventType "team-tourn"]
[EventRounds "9"]
[EventCountry "GER"]
[SourceDate "2013.10.20"]
[WhiteTeam "SF Ostsee Warnemünde"]
[BlackTeam "HSG Uni Rostock"]
[WhiteTeamCountry "GER"]
[BlackTeamCountry "GER"]

1. e4 c6 2. c4 d5 3. exd5 cxd5 4. cxd5 Nf6 5. Qa4+ Nbd7 6. Nc3 g6 7. Nf3 Bg7 8.
Bb5 O-O 9. Bxd7 Qxd7 10. Qxd7 Bxd7 11. O-O Rad8 12. Re1 Rfe8 13. d4 Bf5 14. Bg5
h6 15. Bxf6 Bxf6 16. h3 h5 17. Rad1 a6 18. Ne5 b5 19. a3 Bc2 20. Rd2 Bb3 21.
Nc6 Bg5 22. Rde2 Rd7 23. Ne4 Rxd5 24. Nb4 Rf5 25. Nd6 Kf8 26. Nxe8 Kxe8 27.
Nxa6 Bf6 28. Re3 Bxd4 29. Rxb3 Bxf2+ 30. Kf1 Bxe1+ 31. Kxe1 Kd7 32. Rd3+ Kc6
33. Nb4+ Kc5 34. Rf3 Rg5 35. Kf2 f6 36. h4 Rg4 37. g3 Rd4 38. Rc3+ Kd6 39. Rd3
1-0

[Event "Verbandsliga MVP 2013-14"]
[Site "MVP"]
[Date "2013.12.15"]
[Round "4.4"]
[White "Hamann, Dirk"]
[Black "Kutschke, Peter"]
[Result "1-0"]
[WhiteElo "1878"]
[BlackElo "1932"]
[PlyCount "47"]
[EventDate "2013.??.??"]
[EventType "team-tourn"]
[EventRounds "9"]
[EventCountry "GER"]
[SourceDate "2013.10.20"]
[WhiteTeam "SF Ostsee Warnemünde"]
[BlackTeam "HSG Uni Rostock"]
[WhiteTeamCountry "GER"]
[BlackTeamCountry "GER"]

1. e4 d5 2. exd5 Nf6 3. Nf3 Nxd5 4. d4 g6 5. Bc4 Bg7 6. O-O O-O 7. Re1 Bg4 8.
c3 Nc6 9. h3 Bxf3 10. Qxf3 e6 11. Nd2 Nce7 12. Ne4 h6 13. Nc5 Rb8 14. a4 a5 15.
Nd3 Nb6 16. Bb3 Nf5 17. Ne5 Nd6 18. Bf4 g5 19. Bh2 Qf6 20. Qh5 Rbd8 21. Ng4 Qf5
22. Nxh6+ Bxh6 23. Qxh6 Nd5 24. Re5 1-0

[Event "Verbandsliga MVP 2013-14"]
[Site "MVP"]
[Date "2013.12.15"]
[Round "4.5"]
[White "Giese, Guido"]
[Black "Wolke, Heiko"]
[Result "1/2-1/2"]
[WhiteElo "1899"]
[BlackElo "1910"]
[PlyCount "91"]
[EventDate "2013.??.??"]
[EventType "team-tourn"]
[EventRounds "9"]
[EventCountry "GER"]
[SourceDate "2013.10.20"]
[WhiteTeam "HSG Uni Rostock"]
[BlackTeam "SF Ostsee Warnemünde"]
[WhiteTeamCountry "GER"]
[BlackTeamCountry "GER"]

1. e4 c6 2. d4 d5 3. exd5 cxd5 4. Bd3 Nc6 5. c3 Nf6 6. Bf4 Bg4 7. Qb3 Qc8 8.
Nd2 e6 9. Ngf3 Be7 10. O-O O-O 11. Ne5 Bh5 12. Rae1 Nxe5 13. Bxe5 Nd7 14. Qc2
Bg6 15. Bxg6 hxg6 16. h4 Nxe5 17. Rxe5 Bxh4 18. Re3 Bf6 19. Rh3 Bxd4 20. Qd3
Bf6 21. g4 e5 22. Kg2 Qxg4+ 23. Rg3 Qe6 24. Rh1 Rfd8 25. Rgh3 Kf8 26. Qb5 Qb6
27. Qa4 Ke7 28. Nb3 a6 29. Qg4 Rac8 30. Nd4 Qxb2 31. Nb3 Rc4 32. Qd1 Rxc3 33.
Rh8 Rxh8 34. Rxh8 d4 35. Nxd4 exd4 36. Qe1+ Re3 37. Qa5 b6 38. Qxa6 Re6 39.
Qb7+ Kd6 40. Rc8 Ke5 41. Rc5+ bxc5 42. Qxb2 Re7 43. a4 Kd5 44. Qb3+ Kc6 45.
Qb5+ Kd6 46. Qb6+ 1/2-1/2

[Event "Verbandsliga MVP 2013-14"]
[Site "MVP"]
[Date "2013.12.15"]
[Round "4.6"]
[White "Birnbaum, Wolf Dieter"]
[Black "Sager, Bernd"]
[Result "1-0"]
[WhiteElo "1828"]
[BlackElo "1734"]
[PlyCount "81"]
[EventDate "2013.??.??"]
[EventType "team-tourn"]
[EventRounds "9"]
[EventCountry "GER"]
[SourceDate "2013.10.20"]
[WhiteTeam "SF Ostsee Warnemünde"]
[BlackTeam "HSG Uni Rostock"]
[WhiteTeamCountry "GER"]
[BlackTeamCountry "GER"]

1. Nf3 Nf6 2. g3 g6 3. Bg2 Bg7 4. O-O O-O 5. d4 d5 6. c4 c6 7. cxd5 cxd5 8. Nc3
e6 9. Ne5 Nbd7 10. Bg5 h6 11. Bf4 Nh5 12. Nxd7 Bxd7 13. Be5 Nf6 14. Na4 Bc6 15.
Qb3 Qe7 16. Rac1 Rfc8 17. Rc2 Bf8 18. Rfc1 Nd7 19. Bf4 Qf6 20. e4 Qxd4 21. Be3
Qf6 22. exd5 exd5 23. Bxd5 Bxd5 24. Qxd5 Rxc2 25. Rxc2 Ne5 26. Kg2 Nc6 27. Qd7
Qe5 28. Nc3 Rd8 29. Qxb7 Nd4 30. Rd2 Rb8 31. Qxa7 Nc6 32. Qd7 Qe6 33. Qxe6 fxe6
34. Ne4 Bb4 35. Rc2 Ne7 36. Bxh6 Nd5 37. Bd2 Bf8 38. b3 Ra8 39. f4 Bb4 40. Nf6+
Kf7 41. Nxd5 1-0

[Event "Verbandsliga MVP 2013-14"]
[Site "MVP"]
[Date "2013.12.15"]
[Round "4.7"]
[White "Schroeder, Christian"]
[Black "Vladov, Mark"]
[Result "1/2-1/2"]
[WhiteElo "1879"]
[BlackElo "1617"]
[PlyCount "81"]
[EventDate "2013.??.??"]
[EventType "team-tourn"]
[EventRounds "9"]
[EventCountry "GER"]
[SourceDate "2013.10.20"]
[WhiteTeam "HSG Uni Rostock"]
[BlackTeam "SF Ostsee Warnemünde"]
[WhiteTeamCountry "GER"]
[BlackTeamCountry "GER"]

1. c4 Nf6 2. d4 g6 3. Nc3 Bg7 4. e4 O-O 5. e5 Ne8 6. f4 d6 7. Nf3 c5 8. dxc5
Nc6 9. cxd6 exd6 10. Be3 Qa5 11. Be2 dxe5 12. fxe5 Nxe5 13. O-O Ng4 14. Bd4
Nef6 15. h3 Nh6 16. Nd5 Nxd5 17. Bxg7 Ne3 18. Qd4 Nhf5 19. Qc3 Qxc3 20. Bxc3
Nxf1 21. Rxf1 Ng3 22. Re1 Bf5 23. Be5 Nxe2+ 24. Rxe2 Bd3 25. Rd2 Bxc4 26. a3 f6
27. Bc3 Rf7 28. Rd6 Raf8 29. Bb4 b5 30. Bc3 Be2 31. Nd4 Bc4 32. b3 Bd3 33. Ne6
Re8 34. Nd8 Rff8 35. Ne6 Rf7 36. Nd8 Rff8 37. Ne6 Rxe6 38. Rxe6 f5 39. Re7 Rf7
40. Re8+ Rf8 41. Re7 1/2-1/2

[Event "Verbandsliga MVP 2013-14"]
[Site "MVP"]
[Date "2013.12.15"]
[Round "4.8"]
[White "Boecking, Uwe"]
[Black "Hantel, Thomas"]
[Result "1/2-1/2"]
[WhiteElo "1749"]
[BlackElo "1661"]
[PlyCount "52"]
[EventDate "2013.??.??"]
[EventType "team-tourn"]
[EventRounds "9"]
[EventCountry "GER"]
[SourceDate "2013.10.20"]
[WhiteTeam "SF Ostsee Warnemünde"]
[BlackTeam "HSG Uni Rostock"]
[WhiteTeamCountry "GER"]
[BlackTeamCountry "GER"]

1. e4 c5 2. Nf3 d6 3. d4 cxd4 4. Nxd4 Nf6 5. Nc3 g6 6. f3 Bg7 7. Be3 O-O 8. Qd2
Nc6 9. O-O-O Bd7 10. g4 h5 11. gxh5 Nxh5 12. Rg1 Nxd4 13. Bxd4 Bxd4 14. Qxd4
Be6 15. Qe3 Qb6 16. Qg5 Kg7 17. Bd3 Rh8 18. Nd5 Bxd5 19. exd5 Rh6 20. Qxe7 Nf4
21. Qe4 Nxd3+ 22. Qxd3 Rxh2 23. Qc3+ Kg8 24. Rh1 Qf2 25. Rdf1 Qe2 26. Re1 Qf2
1/2-1/2